Quality in Production Processes

Salvato in:
Dettagli Bibliografici
Autore principale: Potoma, Radoslav, 1992-
Natura: Capitolo di libro
Lingua:inglese
Soggetti:
Tags: Aggiungi Tag
Nessun Tag, puoi essere il primo ad aggiungerne!!

MARC

LEADER 00000naa$a2200000$$$4500
001 0271214
005 20240502074248.8
041 0 |a eng 
044 |a SK 
245 1 0 |a Quality in Production Processes  |c Radoslav Potoma 
500 |a abstrakt 
610 2 0 |a kvalita výrobkov 
610 2 0 |a kvalita služieb 
610 2 0 |a proces výrobný 
610 2 0 |a inovácie technologické 
610 2 0 |a štandardizácia výroby 
100 1 |a Potoma, Radoslav, 1992-